000 00426cam a2200181ua 4500
020 _c3.50
041 _ahin
_h
082 _a891.54
_bHAR/SH
100 _aHarikrishna, Premi .
245 _aShishadan /
_cHarikrishna premi.
_hTextual Documents
250 _a2 /
_b.
260 _aDelhi :
_bBansal and company ,
_c1963.
300 _a212 ; .
365 _a3.50
504 _a
942 _cBK
999 _c8391
_d8391